Culture Général - Le Grunge - Statistiques

Statistiques générales
  • Ce quiz a été pris 61 fois
  • Le résultat moyen est 6 sur 20
Statistiques - réponses
Questions Réponses % Correct
Quel album de Nirvana a été produit par Butch Vig et est considéré comme un tournant majeur du grunge ? Nevermind
100%
En quelle année a eu lieu le premier concert du festival Lollapalooza, événement majeur qui a popularisé le grunge ? 1991
64%
Quel est le dernier album studio de Nirvana avant la mort de Kurt Cobain en 1994 ? In Utero
57%
Quel membre de Soundgarden est également le chanteur du groupe Audioslave Chris Cornell
55%
Quelle chanson de Pearl Jam aborde le thème de la maltraitance infantile et est inspirée d'une histoire vraie ? Jeremy
53%
Quel groupe de Grunge a reçu le plus de Grammy Awards Pearl Jam
49%
Quelle chanson de Nirvana est restée non éditée pendant des années avant d’être publiée en 2002 sur l’album compilation Nirvana ? You Know You're Right
30%
Quel titre de Pearl Jam est une référence à une vague massive observée par Eddie Vedder en surfant ? Even Flow
28%
Quel label de Seattle est devenu synonyme du grunge en signant des groupes comme Nirvana, Soundgarden, et Mudhoney ? Sub Pop
26%
Quel chanteur de grunge a également connu une carrière solo avec des morceaux comme "Seasons" pour la bande-son du film Singles ? Chris Cornell
23%
Quel album de Soundgarden a remporté le Grammy Award pour la meilleure performance de Hard Rock en 1995 ? Superunknown
23%
Quel groupe grunge a été fondé à Seattle avant de se séparer pour former d'autres groupes emblématiques tel que Pearl Jam et Mudhoney ? Green River
17%
Quelle chanson d’Alice in Chains évoque la bataille de Layne Staley contre la drogue ? Junkhead
11%
Quel groupe a réalisé le morceau "Nearly Lost You" et est devenu célèbre grâce à la bande originale du film Singles ? Screaming Trees
11%
Quel batteur de Nirvana a enregistré les démos de l'album Nevermind avant que Dave Grohl ne rejoigne le groupe ? Chad Channing
9%
Quel producteur légendaire a travaillé avec Nirvana sur l'album In Utero, en donnant au groupe un son plus brut et abrasif ? Steve Albini
8%
Quelle célèbre marque de vêtements a connu une montée en popularité avec le grunge, notamment pour ses chemises à carreaux flanelle ? Carhartt
4%
Quel célèbre photographe a immortalisé la scène grunge, notamment avec la couverture de Nevermind ? Kirk Weddle
2%
Quel était le nom du groupe de Courtney Love avant Hole qui avait un style influencé par le grunge et le punk ? Sugar Baby Doll
2%
Quel était le nom de la salle de concert emblématique de Seattle où de nombreux groupes grunge se sont produits, y compris Nirvana et Soundgarden ? The Crocrodile
2%
Aucun quiz correspondant
Distribution des résultats
% des personnes avec chaque résultat
Percentile par nombre de réponses
Votre historique - résultats
Vous n’avez pas pris ce quiz